000
00355nam a2200133Ia 4500
008
151001s9999||||xx |||||||||||||| ||und||
100
_a
नीलाभ
245
_a
खतरा अगले मोड कि उस तरफ है
250
_a
1
260
_b
सदानीरा
260
_c
2005
300
_a
143
365
_b
20
999
_c
990618
_d
990615